Abdelhadi Boutaleb ('Abd al-Hadi Abu Talib)
Politischer und beruflicher Werdegang des 1988 zum zweiten Mal in seinem Amt bestätigten Generalsekretärs der ISESCO (Sitz Rabat), einer der der sieben Unterorganisationen der Organisation Islamische Konferenz. Der Marokkaner Boutaleb ist eines der Gründungsmitglieder der Istiqlal-Partei und war vor...
| Main Author: | |
|---|---|
| Format: | Print Article |
| Language: | German |
| Check availability: | HBZ Gateway |
| Interlibrary Loan: | Interlibrary Loan for the Fachinformationsdienste (Specialized Information Services in Germany) |
| Published: |
1988
|
| In: |
Orient
Year: 1988, Volume: 29, Issue: 4, Pages: 519-521 |
| Further subjects: | B
Politician
B Islamische Länder / Islamische Welt Islamic Educational, Scientific and Cultural Organization Abu-Talib, 'Abd-al-Hadi Morocco (motif) Politician B al- Munaẓẓama al-Islāmīya li-'t-Tarbiya wa-'l-ʿUlūm wa-'t-Ṯaqāfa B Islamic countries B Morocco (motif) |
MARC
| LEADER | 00000caa a22000002c 4500 | ||
|---|---|---|---|
| 001 | 163297813X | ||
| 003 | DE-627 | ||
| 005 | 20250710104655.0 | ||
| 007 | tu | ||
| 008 | 130702s1988 xx ||||| 00| ||ger c | ||
| 035 | |a (DE-627)163297813X | ||
| 035 | |a (DE-576)385032137 | ||
| 035 | |a (DE-599)BSZ385032137 | ||
| 035 | |a (DE-615)00124920 | ||
| 040 | |a DE-627 |b ger |c DE-627 |e rakwb | ||
| 041 | |a ger | ||
| 084 | |a RG00.12 |2 fivr | ||
| 084 | |a SG08 |2 fivs | ||
| 084 | |a 0 |2 ssgn | ||
| 100 | 1 | |0 (DE-588)128858842 |0 (DE-627)383662001 |0 (DE-576)164374663 |4 aut |a Mattes, Hanspeter |d 1951- | |
| 109 | |a Mattes, Hanspeter 1951- | ||
| 245 | 1 | 0 | |a Abdelhadi Boutaleb ('Abd al-Hadi Abu Talib) |
| 264 | 1 | |c 1988 | |
| 300 | |e Lit.Hinw. S. 519 | ||
| 336 | |a Text |b txt |2 rdacontent | ||
| 337 | |a ohne Hilfsmittel zu benutzen |b n |2 rdamedia | ||
| 338 | |a Band |b nc |2 rdacarrier | ||
| 520 | |a Politischer und beruflicher Werdegang des 1988 zum zweiten Mal in seinem Amt bestätigten Generalsekretärs der ISESCO (Sitz Rabat), einer der der sieben Unterorganisationen der Organisation Islamische Konferenz. Der Marokkaner Boutaleb ist eines der Gründungsmitglieder der Istiqlal-Partei und war vor seiner Ernennung zum Generalsekretär der ISESCO (1982) u.a. auf verschiedenen Ministerposten und als Botschafter tätig. (DÜI-Hns) | ||
| 610 | 2 | 7 | |0 (DE-588)84226-6 |0 (DE-627)101701357 |0 (DE-576)192376063 |a al- Munaẓẓama al-Islāmīya li-'t-Tarbiya wa-'l-ʿUlūm wa-'t-Ṯaqāfa |2 gnd |
| 650 | 0 | 7 | |0 (DE-588)4046517-2 |0 (DE-627)106197711 |0 (DE-576)209069961 |a Politiker |2 gnd |
| 650 | 4 | |a Islamische Länder/Islamische Welt |x Islamic Educational, Scientific and Cultural Organization |x Abu-Talib, 'Abd-al-Hadi |x Marokko |x Politiker | |
| 651 | 7 | |0 (DE-588)4073172-8 |0 (DE-627)104279893 |0 (DE-576)209189622 |a Islamische Staaten |2 gnd | |
| 651 | 7 | |0 (DE-588)4037680-1 |0 (DE-627)104584971 |0 (DE-576)20902593X |a Marokko |2 gnd | |
| 773 | 0 | 8 | |i In |t Orient |d Berlin : Dt. Orient-Institut, 1960 |g 29(1988), 4, Seite 519-521 |w (DE-627)129496626 |w (DE-600)207426-6 |w (DE-576)014895250 |x 0030-5227 |7 nnas |
| 773 | 1 | 8 | |g volume:29 |g year:1988 |g number:4 |g pages:519-521 |
| 936 | f | i | |0 (DE-627)1756133522 |a RG00.12 |b Islamische Welt |k Naher und Mittlerer Osten und Nordafrika |k Geographische Räume (länderübergreifend) und Organisationen des Nahen und Mittleren Ostens/Nordafrikas |k Islamische Welt |2 fivr |
| 936 | f | i | |0 (DE-627)1756136084 |a SG08 |b Kultur/Sprache/Kunst |k Gesellschaft |k Kultur/Sprache/Kunst |2 fivs |
| 938 | 1 | 0 | |0 (DE-627)1756206856 |0 (DE-615)6610147 |a Islamische Länder/Islamische Welt |2 fivt |
| 938 | 1 | 0 | |0 (DE-627)101701357 |0 (DE-588)84226-6 |a al- Munaẓẓama al-Islāmīya li-'t-Tarbiya wa-'l-ʿUlūm wa-'t-Ṯaqāfa |2 gnd |2 fivt |
| 938 | 1 | 0 | |0 (DE-627)1756149666 |0 (DE-615)6602930 |a Marokko |2 fivt |
| 938 | 1 | 0 | |0 (DE-627)1756164819 |0 (DE-615)6601995 |a Politiker |2 fivt |
| 951 | |a AR | ||
| ELC | |b 1 | ||
| ITA | |a 1 |t 1 | ||
| ORI | |a SA-MARC-ixtheo_oa001.raw | ||
| REL | |a 1 | ||
| STA | 0 | 0 | |a Islamic countries,Islamic states,Morocco (motif),Morocco,Morocco,Spanish Morocco,Northern Morocco,Politician,Statesman |
| STB | 0 | 0 | |a Homme politique,Hommes d'État,Maroc (motif) |
| STC | 0 | 0 | |a Político |
| STD | 0 | 0 | |a Politico |
| STE | 0 | 0 | |a 政客,政治家 |
| STF | 0 | 0 | |a 政客,政治家 |
| STG | 0 | 0 | |a Político |
| STH | 0 | 0 | |a Политик |
| STI | 0 | 0 | |a Πολιτικός,Πολιτικοί |
| SUB | |a REL | ||
| SYB | 0 | 0 | |a ISESCO,Īsīskū,al- Munaẓẓama al-Islāmīya li-t-Tarbiya wa-'ṯ-Ṯaqāfa wa-'l-Ūlūm,Islamic Educational, Scientific and Cultural Organization,Organisation islamique pour l'éducation, les sciences et la culture,Organisation islamique pour la science et la culture,Organización Islámica para la Educación, la Ciencia y la Cultura,Islamische Organisation für Bildung, Wissenschaft und Kultur,ISESCO,al- Īsīskū,al-Īsīskū,al-Munaẓẓama al-Islāmīya li-'t-Tarbiya wa-'l-ʿUlūm wa-'t-Ṯaqāfa,al-Munaẓẓama al-islāmiyya li-ăt-Tarbiyya wa-ăl-ʿUlūm wa-ăṯ-Ṯaqāfa,Munaẓẓamah al-Islāmīyah lil-Tarbiyah wa-al-ʻUlūm wa-al-Thaqāfah |
| SYE | 0 | 0 | |a Staatsmann |
| SYF | 0 | 0 | |a Islamischer Orient,Islamische Länder,Islamische Regionen , al- Mamlaka al-Maġribīya,Marrākuš,Marrākush,Marruecos,Königreich Marokko,Marraqus,Empire Chérifien,Reino de Marruecos,Maroc,Morocco,Royaume du Maroc,Kingdom of Morocco,al- Mamlakah al-Maghribīyah |



